00785nam a22002297a 450000500170000001000130001702000100003003500130004003700160005304000120006908200130008110000260009424500960012026000320021627000140024830000260026265000580028865000480034694200220039499900190041695201200043520170124110035.0 aB-078835 c00.00 aB-078835 bCen Lib/Ret adplbEN a887bMOO aMoore, Michael922448 aStupid white men :cby Michael Mooreband other sorry excuses for the state of the nation / bPenguin Booksc2002aLondon a80 Strand axxii,281p. c20cm(Hb) aPolitics and government -- 2001-2009 -- Humor.922449 aSocial conditions -- 1980- -- Humor.922450 2ddccENh887mMOO c128118d128118 00104070aLbLd2015-07-01eCen Lib/Retg0.00l0o887 MOOpB-078835r2015-07-01 00:00:00t1v0.00w2015-07-01yEN